Вопросы строительства газовых скважин, проектирования разработки месторождений и транспорта газа (Запись № 137032)

Подробности
000 -МАРКЕР
контрольное поле 01939nam0a2200361 4500
001 - ИДЕНТИФИКАТОР ЗАПИСИ
контрольное поле RU\NLR\bibl\939014
005 - ИДЕНТИФИКАТОР ВЕРСИИ
контрольное поле 20260407023616.0
010 ## - МЕЖДУНАРОДНЫЙ СТАНДАРТНЫЙ НОМЕР КНИГИ (ISBN)
Номер (ISBN) 5-901434-09-9
Уточнения ТюменНИИгипрогаз
010 ## - МЕЖДУНАРОДНЫЙ СТАНДАРТНЫЙ НОМЕР КНИГИ (ISBN)
Номер (ISBN) 5-86093-096-1
Уточнения Недра
Тираж 400
021 ## - НОМЕР ГОСУДАРСТВЕННОЙ РЕГИСТРАЦИИ
Код страны российская федерация
Номер 2006-15872
Номер Листа государственной регистраци 780
035 ## - ДРУГИЕ СИСТЕМНЫЕ НОМЕРА
Идентификатор записи (NLR Aleph) 000927203
100 ## - ДАННЫЕ ОБЩЕЙ ОБРАБОТКИ
Данные общей обработки 20060426d2005 |||y0rusy50 ca
101 0# - ЯЗЫК РЕСУРСА
Язык текста, звукозаписи и т.д. русский
102 ## - СТРАНА ПУБЛИКАЦИИ ИЛИ ПРОИЗВОДСТВА
Страна публикации российская федерация
105 ## - ПОЛЕ КОДИРОВАННЫХ ДАННЫХ: ТЕКСТОВЫЕ МАТЕРИАЛЫ, МОНОГРАФИЧЕСКИЕ
Кодированные данные о монографическом текстовом документе a |||||||||
200 1# - ЗАГЛАВИЕ И СВЕДЕНИЯ ОБ ОТВЕТСТВЕННОСТИ
Основное заглавие Вопросы строительства газовых скважин, проектирования разработки месторождений и транспорта газа
Сведения, относящиеся к заглавию сборник научных трудов
Первые сведения об ответственности О-во с огранич. ответственностью ТюменНИИгипрогаз
Последующие сведения об ответственности [гл. ред. д.техн.н., проф. Г.В. Крылов]
210 ## - ПУБЛИКАЦИЯ, РАСПРОСТРАНЕНИЕ И ДР.
Место издания, распространения и т.д. Тюмень
Имя издателя, распространителя и т. д. ТюменНИИгипрогаз
Место издания, распространения и т.д. Санкт-Петербург
Имя издателя, распространителя и т. д. Недра
Дата издания, распространения и т.д. 2005
215 ## - ФИЗИЧЕСКАЯ ХАРАКТЕРИСТИКА
Специфическое обозначение материала и объем 166 с.
Другие сведения о физической характеристике граф.
Размеры 21
320 ## - ПРИМЕЧАНИЯ О НАЛИЧИИ В ДОКУМЕНТЕ БИБЛИОГРАФИИ / УКАЗАТЕЛЯ
Текст примечания Библиогр. в конце тр.
606 1# - НАИМЕНОВАНИЕ ТЕМЫ КАК ПРЕДМЕТ
Наименование темы Газовые скважины
Формальный подзаголовок Сборники
Тематический подзаголовок Строительство
Системный номер авторитетной/нормативной записи 2184125
Идентификатор авторитетной/нормативной записи RU\NLR\auth\661313241
606 1# - НАИМЕНОВАНИЕ ТЕМЫ КАК ПРЕДМЕТ
Наименование темы Естественные газы
Формальный подзаголовок Сборники
Тематический подзаголовок Добыча
-- Проектирование
Системный номер авторитетной/нормативной записи 1024436
Идентификатор авторитетной/нормативной записи RU\NLR\auth\66391935
606 1# - НАИМЕНОВАНИЕ ТЕМЫ КАК ПРЕДМЕТ
Наименование темы Естественные газы
Формальный подзаголовок Сборники
Тематический подзаголовок Транспортировка
Системный номер авторитетной/нормативной записи 1425021
Идентификатор авторитетной/нормативной записи RU\NLR\auth\66290487
686 ## - ИНДЕКСЫ ДРУГИХ КЛАССИФИКАЦИЙ
Индекс И131,7я43
686 ## - ИНДЕКСЫ ДРУГИХ КЛАССИФИКАЦИЙ
Индекс И362-64я43
686 ## - ИНДЕКСЫ ДРУГИХ КЛАССИФИКАЦИЙ
Индекс О76я43
702 #1 - ИМЯ ЛИЦА - ВТОРИЧНАЯ ОТВЕТСТВЕННОСТЬ
Код отношения Редактор
Материалы, к которым относится поле rus
Графика поля Кириллица
Начальный элемент ввода Крылов
Часть имени, кроме начального элемента ввода Г. В.
Даты 1941-
Дополнения к именам, кроме дат д-р техн. наук, нефтегазодобыча
Расширение инициалов личного имени Георгий Васильевич
Идентификатор авторитетной/нормативной записи RU\NLR\auth\7728613
Системный номер авторитетной/нормативной записи 11644
711 02 - НАИМЕНОВАНИЕ ОРГАНИЗАЦИИ - АЛЬТЕРНАТИВНАЯ ОТВЕТСТВЕННОСТЬ
Начальный элемент ввода "ТюменНИИгипрогаз", институт
Идентификатор авторитетной/нормативной записи RU\NLR\AUTH\8810009037
Системный номер авторитетной/нормативной записи 515805
801 #0 - ИСТОЧНИК ЗАПИСИ
Страна российская федерация
Организация NLR
Дата составления 20060426
Правила каталогизации rcr
801 #1 - ИСТОЧНИК ЗАПИСИ
Страна российская федерация
Организация NLR
Дата составления 20060426
942 ## - ДОПОЛНИТЕЛЬНЫЕ ЭЛЕМЕНТЫ ЗАПИСИ (АБИС)
Тип экземпляра АБИС Книга
980 ## - КОЛЛЕКЦИЯ
Название коллекции Национальная библиография
Экземпляры
Тип экземпляра Дата поступления Источник поступления Библиотека постоянного хранения Библиотека текущего хранения Место хранения Шифр хранения Штрих-код Статус не для выдачи
Книга 26.04.2006 Обязательный экземпляр РНБ (Московский) РНБ (Московский) Русский книжный фонд: издания с 1957 года, 3этаж 2006-3/11688 2176134  
Книга 26.04.2006 Обязательный экземпляр РНБ (Московский) РНБ (Московский) Русский книжный фонд: издания с 1957 года, 3этаж 2006-3/11688 2176135